Catalog

Record Details

Catalog Search



Lexikon III. Reich / Friedemann Bedürftig

Record details

  • ISBN: 3-551-85018-6
  • Physical Description: 448 s. : obr.
  • Edition: 1. Aufl.
  • Publisher: Hamburg : Carlsen Verlag, 1994

Content descriptions

General Note:
Rejstřík

Available copies

  • 1 of 1 copy available at Common Catalog SPOK.

Holds

  • 0 current holds with 1 total copy.
Show Only Available Copies
Location Call Number / Copy Notes Barcode Shelving Location Status Due Date
Terezin Initiative Institute 91 4594300091 Knihovna ITI Available -

LDR 00575nam a2200229 a 4500
00125261
003CZ-PrJAB
00520221013112712.0
008980812s1994 gw gr u 0 ger
020 . ‡a3-551-85018-6
035 . ‡a(CONS)59
035 . ‡a(CZ PrSKC)000095470
040 . ‡aPNA001 ‡bcze
080 . ‡a94(100)"1939/1945"
080 . ‡a329.1/.6
080 . ‡a(430)
080 . ‡a94(41/49)
1001 . ‡aBedürftig, Friedemann
24510. ‡aLexikon III. Reich / ‡cFriedemann Bedürftig
250 . ‡a1. Aufl.
260 . ‡aHamburg : ‡bCarlsen Verlag, ‡c1994
300 . ‡a448 s. : ‡bobr.
500 . ‡aRejstřík
8524 . ‡bJACH-ITI ‡bJACH-ITI ‡cKnihovna ITI ‡j91 ‡p91 ‡y$0.00
910 . ‡aABE340 ‡b91
995 . ‡a\ ‡askok
901 . ‡a25261 ‡bISxN ‡c25261 ‡tbiblio

Additional Resources